000 00401nam a2200157Ia 4500
008 180423s9999 xx 000 0 und d
040 _aPK-NaQUE
100 _a11ME27
100 _aKashif Ahmed Soomro
245 0 _aDesign and Fabrication of Automatic Paint System
260 _aNawabshah
260 _bQUEST
260 _c2011
300 _a59
700 _aDepartment of Mechanical Engineering
999 _c58486
_d58483